=LDR 00000nam 2200000 4500 =001 INLIS000000000033202 =005 20130612135154 =008 ***********************************ind** =035 ##$$0010-061300000033202 =041 ##$$a ind =082 ##$$a 346.01 =090 ##$$a 346.01, Sum p =100 ##$$a SUMIARNI, MG. Endang =245 ##$$a Perlindungan Hukum Terhadap Anak Dibidang Kesejahteraan / MG. Endang Sumiarni, Chandera Halim =250 ##$$a Seri Perlindungan Hukum Terhadap anak Nomor 2 =260 ##$$a 2000 $b Yogyakarta =300 ##$$a x, 174 hlm, 23 cm =650 ##$$a Hukum Keluarga =700 ##$$a Halim, Candera =850 ##$$a NBPNMAT =990 ##$$a 0001/BPAP-NTB/20142014 =990 ##$$a 0001/BPAP-NTB/2016 =990 ##$$a 0001/BPAP-NTB/2016